000 00581nam a22002297a 4500
003 UA-OsUOA
001 58616
007 ta
008 20090217b un ||||| |||| 00| 0 ukr d
090 _a323.4
_bМ65
942 _cBK
040 _aUA-OsUOA
_bukr
_cUA-OsUOA
_dUA-OsUOA
245 _aМісячна одіссея
_cЗа ред. Яцківа Я.С.
300 _a241 с.
955 _a4
041 _aukr
080 _a323.4
020 _a978-966-360-082-6
260 _aК.
_bАкадемперіодика
_c2007
650 7 _a32 Політика
_2UDC
999 _c344821
_d344821